| 000 | 00472nam a2200097Ia 4500 | ||
|---|---|---|---|
| 008 | 180130s9999 xx 000 0 und d | ||
| 245 |
_cSchore, Allan N.; Sieff, Daniela F. _aOn the same wave-length: how our emotional brain is shaped by human relationships |
||
| 260 | _c2015 | ||
| 300 | _aBook title: Understanding and healing emotional trauma : conversations with pioneering clinicians and researchers--Acession number C20254; pages 111-136 | ||
| 650 | _aPSYCHOLOGICAL STRESS | ||
| 999 |
_c354072 _d354072 |
||